[Event "CUB School-chT"]
[Site "Santa Clara"]
[Date "2017.07.15"]
[Round "6.5"]
[White "Manso Lopez, Rosangela"]
[Black "Cordon Antunez, Olga Rachel"]
[Result "0-1"]
[WhiteElo "1554"]
[BlackElo "1775"]
[PlyCount "54"]
[EventDate "2017.07.13"]
[EventType "team-swiss"]
[EventRounds "9"]
[EventCountry "CUB"]
[SourceTitle "EXT 2023"]
[Source "ChessBase"]
[SourceDate "2022.10.05"]
[SourceVersion "1"]
[SourceVersionDate "2022.10.05"]
[SourceQuality "1"]

1. d4 Nf6 2. Nf3 e6 3. Bf4 Be7 4. e3 b6 5. Bd3 Bb7 6. Nbd2 0-0 7. c3 c5 8. Qc2 d6 9. h3 Nbd7 10. 0-0 Rc8 11. e4 cxd4 12. e5 dxe5 13. Nxe5 dxc3 14. bxc3 Nxe5 15. Bxe5 Qd5 16. Nf3 h6 17. Rad1 Qc5 18. Bd4 Qa5 19. Nd2 e5 20. Be3 Qxc3 21. Qb1 Qc6 22. f3 Bc5 23. Bxc5 Qxc5+ 24. Kh1 Nh5 25. Nb3 Ng3+ 26. Kh2 Nxf1+ 27. Rxf1 Qe7 0-1

[Event "CUB School-chT"]
[Site "Santa Clara"]
[Date "2017.07.13"]
[Round "1.5"]
[White "Manso Lopez, Rosangela"]
[Black "Machado Rojas, Gleidis Yisel"]
[Result "0-1"]
[WhiteElo "1554"]
[BlackElo "1768"]
[PlyCount "52"]
[EventDate "2017.07.13"]
[EventType "team-swiss"]
[EventRounds "9"]
[EventCountry "CUB"]
[SourceTitle "EXT 2023"]
[Source "ChessBase"]
[SourceDate "2022.10.05"]
[SourceVersion "1"]
[SourceVersionDate "2022.10.05"]
[SourceQuality "1"]

1. d4 d5 2. Nf3 Nf6 3. Bf4 e6 4. e3 Be7 5. Nbd2 Nbd7 6. Bd3 b6 7. Ne5 Nxe5 8. dxe5 Nd7 9. c3 Bb7 10. Qg4 g5 11. Bxg5 Bxg5 12. Nf3 Bh6 13. Bc2 Qe7 14. 0-0 0-0-0 15. a4 Rdg8 16. Qd4 c5 17. Qd3 Bg7 18. a5 Nxe5 19. Nxe5 Bxe5 20. axb6 axb6 21. Qb5 Kc7 22. Ra7 Bxh2+ 23. Kxh2 Qh4+ 24. Kg1 Rxg2+ 25. Kxg2 Rg8+ 26. Kf3 Qg4# 0-1

[Event "Bayamo Cespedes Memorial op"]
[Site "Bayamo"]
[Date "2017.03.06"]
[Round "8.18"]
[White "Manso Lopez, Rosangela"]
[Black "Ramos Martin, Lisandra"]
[Result "0-1"]
[WhiteElo "1749"]
[BlackElo "1875"]
[PlyCount "94"]
[EventDate "2017.03.01"]
[EventType "swiss"]
[EventRounds "9"]
[EventCountry "CUB"]
[SourceTitle "EXT 2023"]
[Source "ChessBase"]
[SourceDate "2022.10.05"]
[SourceVersion "1"]
[SourceVersionDate "2022.10.05"]
[SourceQuality "1"]

1. e4 c5 2. Nc3 Nc6 3. g3 g6 4. Bg2 Bg7 5. d3 e6 6. Be3 d6 7. Qd2 Nge7 8. Bh6 Bf6 9. Nge2 Ng8 10. Be3 Rb8 11. f4 Bg7 12. 0-0 Nge7 13. Rf2 b5 14. e5 dxe5 15. Bxc5 b4 16. Nd1 Rb5 17. Bxe7 Nxe7 18. fxe5 Bxe5 19. c3 a5 20. d4 Bg7 21. Qd3 Rb8 22. Rf1 0-0 23. Nf4 Qd6 24. Ne3 Ba6 25. Nc4 Qc7 26. b3 Nf5 27. Ne2 Nd6 28. cxb4 Nxc4 29. Rac1 Rxb4 30. Rc3 Qa7 31. bxc4 Rb2 32. Ra3 Qc7 33. Rc1 Rb4 34. Rac3 Rc8 35. Qd2 Qb8 36. Qd3 a4 37. Bf1 Rc7 38. Nf4 Rd7 39. Ne2 Qd8 40. Rd1 e5 41. Rc2 exd4 42. Nf4 Bh6 43. Qa3 Rdb7 44. Nd3 Be3+ 45. Kh1 Rb1 46. Nc1 R7b4 47. Be2 Bb7+ 0-1

[Event "Bayamo Cespedes Memorial op"]
[Site "Bayamo"]
[Date "2017.03.05"]
[Round "6.18"]
[White "Manso Lopez, Rosangela"]
[Black "Wert Licea, Mile Del Carmen"]
[Result "0-1"]
[WhiteElo "1749"]
[BlackElo "1812"]
[PlyCount "52"]
[EventDate "2017.03.01"]
[EventType "swiss"]
[EventRounds "9"]
[EventCountry "CUB"]
[SourceTitle "EXT 2023"]
[Source "ChessBase"]
[SourceDate "2022.10.05"]
[SourceVersion "1"]
[SourceVersionDate "2022.10.05"]
[SourceQuality "1"]

1. e4 c5 2. Nc3 Nc6 3. g3 g6 4. Bg2 Bg7 5. d3 e6 6. Be3 d6 7. Qd2 Nge7 8. Bh6 0-0 9. h4 Nd4 10. Rc1 b5 11. h5 b4 12. Nd1 e5 13. hxg6 fxg6 14. Bxg7 Kxg7 15. Qh6+ Kf7 16. Qxh7+ Ke8 17. c3 bxc3 18. bxc3 Qa5 19. Nh3 Ba6 20. Rb1 Bxd3 21. Rb7 Ndc6 22. Ng5 Qxa2 23. Bf3 Rxf3 24. Nb2 Qb1+ 25. Kd2 Qc2+ 26. Ke1 Qe2# 0-1